00666nam a22001097a 4500040000800000082002700008100004800035245040400083260002600487300002500513856001800538 cRUA aVEM CHH 2015 B534 Or.1 aCHHOM MITHONA; ឆោម មិថុនា aStudy on situation of cattle raising and service of village animal health worker in phnom srouch ditrict, kompong speu province, សិក្សាលើស្ថានភាពចិញ្ចឹមគោ និងសេវាកម្មភ្នាក់ងារ សុខភាពសត្វភូមិនៅស្រុកភ្នំស្រួច ខេត្តកំពង់ស្ពឺ aPhnom PenhbCHHc2015 aix,45p.bill.c29cm. uCHHOM MITHONA